000 00746nam a2200205 a 4500
005 20210219160315.0
008 081009s1995 mx r 000 0 spa d
020 _a9686297723
035 _aUPN01000162981
049 _aUNE
080 _aOC 31: 378.22 (72) "1994" ANUp.
245 0 0 _aAnuario estadístico, 1994 :
_bposgrado.
260 _aMéxico :
_bANUIES,
_c1995.
300 _a486 p. :
_bil.
690 _aEstudios de posgrado - Estadísticas educacionales - México
690 _aEstadísticas educacionales - Estudios de posgrado - México
690 _aMéxico - Estudios de posgrado - Estadísticas educacionales
710 2 _aAsociación Nacional de Universidades e Institutos de Enseñanza Superior (ANUIES)
905 _aUNESCO
999 _c135094
_d135094